| 000 | 00954cam a2200241 4500 | ||
|---|---|---|---|
| 001 | WB3608-33 | ||
| 008 | 000000n2000 000 0 eng u | ||
| 035 | _a(Sirsi) u104286 | ||
| 245 | _aRights of access | ||
| 260 | _c2000 | ||
| 490 |
_aTimes _v 22 February 2000, 11(1) |
||
| 520 | _aIn the light of the expected Countryside Bill allowing for a right of public access to open country, the article discusses the Occupiers' Liability Act 1984 which will apply to entrants under the new right of access. Argues that government placing the burden of liability on occupiers without compensation will leave the new Bill open to be challenged. | ||
| 590 | _aWB | ||
| 650 | _aCOUNTRYSIDE BILL | ||
| 650 | _aRIGHT TO ROAM | ||
| 650 | _aOCCUPIERS LIABILITY ACT 1984 | ||
| 650 | _aOCCUPIERS' LIABILITY | ||
| 650 | _aCOMPENSATION | ||
| 650 | _aACCESS TO THE COUNTRYSIDE | ||
| 650 | _aHUMAN RIGHTS ACT 1998 | ||
| 690 |
_aRURAL _96268 |
||
| 942 | _n0 | ||
| 999 |
_c62568 _d62568 |
||